000 01525cam a22003494a 4500
999 _c522537
_d522537
001 13731756
003 NUST
005 20181031042718.0
008 040927s2005 cau b 000 0 eng
010 _a 2004022750
020 _a0787977292 (alk. paper : pkg.)
038 _aArshad
040 _aDLC
_cDLC
_dDLC
042 _apcc
050 0 0 _aHD66
_b.B445 2005
082 0 0 _a658.4036
_bBEN
100 1 _aBens, Ingrid.
_912392
245 1 0 _aFacilitating with ease! :
_bcore skills for facilitators, team leaders, and members, managers, consultants, and trainers /
_cIngrid Bens.
250 _aNew and rev. [ed.]
260 _aSan Francisco, Calif. :
_bJossey Bass,
_c2005.
300 _ax, 214 p. ;
_c28 cm. +
_e1 CD-ROM (4 3/4 in.)
504 _aIncludes bibliographical references.
538 _aSystem requirements for accompanying CD-ROMs: PC with Microsoft Windows 98E or later; Mac with Apple OS version 8.6 or later.
650 0 0 _aTeams in the workplace.
_912393
650 0 0 _aGroup facilitation.
_912394
856 4 1 _3Table of contents only
_uhttp://www.loc.gov/catdir/toc/ecip051/2004022750.html
856 4 2 _3Contributor biographical information
_uhttp://www.loc.gov/catdir/enhancements/fy0617/2004022750-b.html
856 4 2 _3Publisher description
_uhttp://www.loc.gov/catdir/enhancements/fy0617/2004022750-d.html
906 _a7
_bcbc
_corignew
_d1
_eecip
_f20
_gy-gencatlg
942 _2ddc
_cBK